20 Biggest Cities in Minnesota - Statistics

General Stats
  • This quiz has been taken 80 times
  • The average score is 12 of 20
Answer Stats
Hint Answer % Correct
423,250 Minneapolis
100%
301,380 St. Paul
100%
87,999 Duluth
94%
122,692 Rochester
85%
86,580 Bloomington
76%
71,485 St. Cloud
76%
53,342 Edina
63%
78,314 Lakeville
58%
80,619 Brooklyn Park
55%
55,024 Apple Valley
48%
71,618 Maple Grove
48%
76,546 Plymouth
48%
74,876 Blaine
47%
61,496 Eden Prairie
47%
80,891 Woodbury
47%
63,306 Coon Rapids
44%
51,923 Minnetonka
42%
49,587 St. Louis Park
42%
66,948 Eagan
40%
64,857 Burnsville
39%
No matching quizzes found
Score Distribution
Percent of People with Each Score
Percentile by Number Answered
Your Score History
You have not taken this quiz